• 首页
  • 本馆介绍
  • 公告通知
  • 最新文献
  • 馆藏检索
  • 电子资源
  • 读者导购
  • 参考咨询
  • 我的图书馆
  • 登录
  • 详细信息显示
  • 放入我的书架
  • 预约/预借图书
  • 作者相关作品
  • 分类相关作品
  • 丛书相关作品
  • 出版社相关作品

书目信息

  • 表格格式
  • 工作单格式
  • 卡片格式
题名:
技术发明史
    
 
作者: 刘二中 编著
分册:  
出版信息: 合肥   中国科学技术大学出版社  1998
页数: 265页
开本: 32开
丛书名:
单 册:
中图分类: N19
科图分类:
主题词: 自然科学--现状 , 自然科学--概况
电子资源:
ISBN: 7-312-01024-5
000 00570nam0 2200205 45
001 0110061057
005 20031219104050.9
010    @a7-312-01024-5@dCNY12.00
100    @a20011006d1998 km y0chiy0120 ea
101 0  @achi
105    @a z 000yy
200 1  @a技术发明史@AJi Shu Fa Ming Shi@f刘二中编著@FLiu Er Zhong Bian Zhu
210    @a合肥@c中国科学技术大学出版社@d1998
215    @a265页@d32开
606 0  @a自然科学@x现状
606 0  @a自然科学@x概况
690    @aN19@v4
701    @a刘二中@4编著
801    @aCN@bTSTC@c20011006
905    @f4@b298922-925@dN19@e50
    
    技术发明史/刘二中编著.-合肥:中国科学技术大学出版社,1998
    265页;32开
    
    
    ISBN 7-312-01024-5:CNY12.00
    
●
相关链接 在E读中查询图书 在五车中查询图书 在当当中查询图书 在豆瓣中查询图书


正题名:技术发明史     索取号:N19/50         预约/预借

序号 登录号 条形码 馆藏地/架位号 状态 备注
1 0298922   202989221   第三借阅区/ [索取号:N19/50] 在馆    
2 0298923   202989230   第三借阅区/ [索取号:N19/50] 在馆    
3 0298924   202989249   第三借阅区/ [索取号:N19/50] 在馆    
4 0298925   202989258   第二样本阅览室/ [索取号:N19/50] 在馆    
唐山师范学院图书馆 欢迎您!
大连网信软件有限公司© 版权所有